আলফারুক / (Record no. 44831)
[ view plain ]
| 000 -LEADER | |
|---|---|
| fixed length control field | 01251nam a2200253 a 4500 |
| 001 - CONTROL NUMBER | |
| control field | 44831 |
| 003 - CONTROL NUMBER IDENTIFIER | |
| rucl marc code | BD-RjUL |
| 005 - DATE AND TIME OF LATEST TRANSACTION | |
| control field | 20211209053926.0 |
| 008 - FIXED-LENGTH DATA ELEMENTS--GENERAL INFORMATION | |
| fixed length control field | 160720r19751964pk a|||| ||| 000 0 ben d |
| 020 ## - INTERNATIONAL STANDARD BOOK NUMBER | |
| Terms of availability | : PRs. 8.75 (1964) ; Tk. 52.00 (3rd Printing 1975) |
| 035 ## - SYSTEM CONTROL NUMBER | |
| System control number | (BD-RjUL)44949 |
| 040 ## - CATALOGING SOURCE | |
| Original cataloging agency | BD-RjUL |
| Language of cataloging | ben |
| Transcribing agency | BD-RjUL |
| 041 ## - LANGUAGE CODE | |
| Language code of text/sound track or separate title | ben |
| 082 ## - DEWEY DECIMAL CLASSIFICATION NUMBER | |
| Edition number | 23 |
| Classification number | 297.648 |
| Author mark and year | NOA 1964-1975 |
| 100 10 - MAIN ENTRY--PERSONAL NAME | |
| Personal name | নো'মানী, শিবলী |
| 9 (RLIN) | 118386 |
| 245 10 - TITLE STATEMENT | |
| Title | আলফারুক / |
| Statement of responsibility, etc. | শিবলী নো'মানী ; অনুবাদ : মুহীউদ্দিন খান ; সংশোধন ও পরিবর্ধনে: মো. তাবারকুল্লাহ |
| 250 ## - EDITION STATEMENT | |
| Edition statement | সংশোধিত ও পরিবর্ধিত সং |
| 260 ## - PUBLICATION, DISTRIBUTION, ETC. (IMPRINT) | |
| Place of publication, distribution, etc. | ঢাকা : |
| Name of publisher, distributor, etc. | এমাদাদিয়া লাইব্রেরী, |
| Date of publication, distribution, etc. | ১৯৬৪ [মুদ্রণ ১৯৭৫] |
| 300 ## - PHYSICAL DESCRIPTION | |
| Pagination | [২৬], ৪০০ পৃ. : |
| Illustrations | চিত্র ; |
| Size | ২৪ সেমি. |
| 600 ## - SUBJECT ADDED ENTRY--PERSONAL NAME | |
| Personal name | হযরত ওমর ফারুক (রাঃ) |
| General subdivision | জীবনী |
| Chronological subdivision | |
| Personal name | Hazrat Omar (R) |
| General subdivision | Biography |
| 700 ## - ADDED ENTRY--PERSONAL NAME | |
| Personal name | খান, মুহীউদ্দিন, অনুবাদক |
| 942 ## - ADDED ENTRY ELEMENTS (KOHA) | |
| Source of classification or shelving scheme | Dewey Decimal Classification |
| Koha item type | Books |
| Lost status | Source of classification or shelving scheme | Damaged status | Not for loan | Collection code | Permanent Location | Current Location | Shelving location | Date acquired | Source of acquisition | Cost, normal purchase price | Total Checkouts | Full call number | Date last seen | Copy number | Koha item type |
|---|---|---|---|---|---|---|---|---|---|---|---|---|---|---|---|
| Dewey Decimal Classification | Non-fiction | Central Library, University of Rajshahi | Central Library, University of Rajshahi | 27/02/1967 | Faruk Library, Rajshahi | 8.75 | B 297.648 NOA 1964 | 20/07/2016 | C-2 | Books | |||||
| Dewey Decimal Classification | Non-fiction | Central Library, University of Rajshahi | Central Library, University of Rajshahi | 27/02/1967 | Faruk Library, Rajshahi | 8.75 | B 297.648 NOA 1964 | 20/07/2016 | C-3 | Books | |||||
| Dewey Decimal Classification | Non-fiction | Central Library, University of Rajshahi | Central Library, University of Rajshahi | 22/06/1982 | Aligarh Library, Rajshahi | 52.00 | B 297.648 NOA 1975 | 31/12/2019 | C-4 | Books | |||||
| Dewey Decimal Classification | Not For Loan | Non-fiction | Central Library, University of Rajshahi | Central Library, University of Rajshahi | Reading Room | 28/02/1967 | Faruoq Library | 8.75 | B 297.648 NOA 1964 | 31/12/2019 | C-1 | Books |